Elements of the Periodic table that starts with R - Statistics

General Stats
  • This quiz has been taken 80 times
    70 since last reset
  • The average score is 5 of 8
Answer Stats
Answer % Correct
Radon
86%
Radium
75%
Rutherfordium
75%
Rhodium
68%
Ruthenium
61%
Rubidium
57%
Rhoentgenium
48%
Rehenium
5%
No matching quizzes found
Score Distribution
Percent of People with Each Score
Percentile by Number Answered
Your Score History
You have not taken this quiz since the last reset